[Event "ICS rated standard match"]
[Site "204.178.125.65"]
[Date "2000.08.18"]
[Round "?"]
[White "Hossa"]
[Black "sergor"]
[Result "1-0"]
[WhiteElo "2366"]
[BlackElo "2066"]
[PlyCount "121"]
[EventDate "2000.??.??"]

1. e4 c5 2. Nf3 e6 3. Nc3 a6 4. d4 cxd4 5. Nxd4 Qc7 6. Bd3 Nf6 7. O-O Bd6 8.
Nf3 Nc6 9. Bg5 Be7 10. Qd2 O-O 11. Rfd1 d6 12. a3 b5 13. Be2 Rd8 14. Bd3 Bb7
15. a4 b4 16. Ne2 d5 17. exd5 Nxd5 18. Bxe7 Qxe7 19. Ng3 h6 20. c4 Nc7 21. Qc2
a5 22. Bh7+ Kh8 23. Be4 Na6 24. Rxd8+ Rxd8 25. Rd1 Nc5 26. b3 Nxe4 27. Nxe4 Qc7
28. Rxd8+ Qxd8 29. Qd2 Qxd2 30. Nfxd2 Kg8 31. Nd6 Ba8 32. Nf3 f6 33. Kf1 Kf8
34. c5 Ne7 35. Nd2 Bd5 36. f3 Nc6 37. N2c4 Ke7 38. h4 Kd7 39. Nb6+ Ke7 40.
Nxd5+ exd5 41. Nf5+ Kf7 42. h5 g6 43. Nd6+ Kg7 44. hxg6 Kxg6 45. Ke2 f5 46. f4
Kf6 47. Ke3 Ke6 48. Nb5 Kd7 49. Nd4 Ne7 50. Nf3 Kc6 51. Kd4 Ng6 52. Ne5+ Nxe5
53. fxe5 f4 54. e6 h5 55. Ke5 f3 56. gxf3 h4 57. e7 Kd7 58. Kf6 Ke8 59. c6 h3
60. Ke6 h2 61. c7 {sergor resigns} 1-0

[Event "ICS rated standard match"]
[Site "204.178.125.65"]
[Date "2000.08.18"]
[Round "?"]
[White "sergor"]
[Black "Hossa"]
[Result "0-1"]
[WhiteElo "2061"]
[BlackElo "2371"]
[PlyCount "116"]
[EventDate "2000.??.??"]

1. d4 d5 2. c4 e6 3. Nc3 Nf6 4. Bg5 Be7 5. e3 Nbd7 6. Nf3 O-O 7. Rc1 c6 8. Bd3
h6 9. Bh4 dxc4 10. Bxc4 Nb6 11. Bb3 Ng4 12. Bg3 Nf6 13. O-O Nh5 14. Be5 f6 15.
Bg3 Nxg3 16. hxg3 Qe8 17. Qe2 Qh5 18. e4 f5 19. exf5 Qxf5 20. Ne5 Bb4 21. Bc2
Qg5 22. Qe4 Qf5 23. Qe2 Qg5 24. Ne4 Qd8 25. Rcd1 Rb8 26. a3 Be7 27. Nc5 Nd5 28.
Qd3 Nf6 29. Rfe1 Bd6 30. Qe2 Qc7 31. f4 b6 32. Ne4 c5 33. Nxf6+ gxf6 34. Nc4
Rd8 35. Qh5 Bf8 36. f5 exf5 37. d5 Qxg3 38. Bxf5 Bxf5 39. Qxf5 Re8 40. Rf1 Re2
41. Qf3 Qxf3 42. Rxf3 b5 43. Na5 c4 44. d6 Rd8 45. d7 Re7 46. Rf5 Rexd7 47.
Rxd7 Rxd7 48. Rxb5 Rc7 49. Kf1 c3 50. bxc3 Rxc3 51. Rb7 Rxa3 52. Nc4 Ra2 53. g4
Bc5 54. Rc7 Bd4 55. Nd6 Be5 56. Rc8+ Kh7 57. Nf5 Ra4 58. Ra8 h5 {sergor resigns
} 0-1

[Event "ICS rated standard match"]
[Site "204.178.125.65"]
[Date "2000.08.18"]
[Round "?"]
[White "Hossa"]
[Black "CaKnight"]
[Result "0-1"]
[WhiteElo "2376"]
[BlackElo "2262"]
[PlyCount "110"]
[EventDate "2000.??.??"]

1. e4 e5 2. Nf3 Nc6 3. Bb5 a6 4. Ba4 Nf6 5. O-O Be7 6. Re1 b5 7. Bb3 O-O 8. a4
Bb7 9. d3 d6 10. Bd2 b4 11. a5 Rb8 12. h3 Bc8 13. Be3 Bd7 14. Ba4 Qe8 15. Kh1
Nd8 16. Bb3 Be6 17. Nbd2 Bxb3 18. Nxb3 Ne6 19. Qe2 Rb5 20. Ng5 Nxg5 21. Bxg5
Qd7 22. Be3 d5 23. Rad1 Rd8 24. Bg5 h6 25. Bh4 Ne8 26. Bxe7 Qxe7 27. exd5 Rdxd5
28. Qe3 Qf6 29. Re2 c5 30. Qe4 Qc6 31. Qf3 f6 32. Red2 Nc7 33. Kg1 Ne6 34. Qg4
Nd4 35. Ra1 Nxb3 36. cxb3 Rd4 37. Qg6 Qd7 38. Rdd1 Kh8 39. Kf1 Qd8 40. g4 Qa8
41. Ke2 Rf4 42. Rf1 Qf3+ 43. Ke1 Qxh3 44. Ra2 Rxg4 45. Qe8+ Kh7 46. f3 Rg2 47.
Qc6 f5 48. Kd1 Qh2 49. Kc1 Rxa5 50. Rxa5 Rxb2 51. Qg6+ Kxg6 52. Rxa6+ Kh7 53.
Rf2 Qxf2 54. Rxh6+ gxh6 55. Kd1 Rb1# {Hossa checkmated} 0-1

[Event "ICS rated standard match"]
[Site "204.178.125.65"]
[Date "2000.08.18"]
[Round "?"]
[White "josechess"]
[Black "Hossa"]
[Result "1-0"]
[WhiteElo "2330"]
[BlackElo "2362"]
[PlyCount "149"]
[EventDate "2000.??.??"]

1. Nf3 b6 2. b3 Nf6 3. g3 Bb7 4. Bg2 e5 5. O-O e4 6. Ne1 h5 7. d3 h4 8. dxe4
hxg3 9. hxg3 Nxe4 10. Qd4 Qe7 11. Nd3 c5 12. Qe5 d5 13. Qxe7+ Bxe7 14. Bb2 Bf6
15. Bxf6 Nxf6 16. c4 Na6 17. Nc3 Nc7 18. Nf4 O-O-O 19. Nfxd5 Nfxd5 20. Nxd5
Bxd5 21. cxd5 Nxd5 22. Rfc1 Rh6 23. a3 Nc7 24. b4 Ne6 25. Ra2 a5 26. bxa5 bxa5
27. Rb2 Rd7 28. e3 Rd3 29. a4 Ra3 30. Bd5 Rxa4 31. Bxe6+ fxe6 32. Rxc5+ Kd7 33.
Rb7+ Kd6 34. Rg5 Kc6 35. Rgxg7 Ra2 36. Rgc7+ Kd6 37. Rd7+ Kc5 38. Rbc7+ Kb6 39.
Rb7+ Kc5 40. Rbc7+ Kb6 41. Rc4 Rf6 42. Rf4 Rxf4 43. exf4 Kc5 44. Ra7 Kc4 45.
Kg2 Ra1 46. g4 Kd5 47. g5 Ra4 48. Kg3 Ra1 49. Kg2 Ra4 50. Kf3 Ra3+ 51. Kg4 Ra1
52. g6 Rg1+ 53. Kh5 e5 54. Rxa5+ Ke4 55. fxe5 Kf5 56. e6+ Kxe6 57. Kh6 Kf6 58.
Ra6+ Ke7 59. Kg7 Rg2 60. f4 Rd2 61. f5 Kd7 62. f6 Re2 63. Ra7+ Kc6 64. f7 Re3
65. f8=Q Rb3 66. Qc8+ Kd5 67. Qg8+ Ke5 68. Qxb3 Kd4 69. Ra5 Ke4 70. Rd5 Kf4 71.
Qd3 Kg4 72. Rf5 Kh4 73. Qe3 Kg4 74. Qf3+ Kh4 75. Rh5# {Hossa checkmated} 1-0

[Event "ICS rated standard match"]
[Site "204.178.125.65"]
[Date "2000.08.18"]
[Round "?"]
[White "Hossa"]
[Black "chess-bomber"]
[Result "1-0"]
[WhiteElo "2345"]
[BlackElo "1979"]
[PlyCount "91"]
[EventDate "2000.??.??"]

1. Nf3 g6 2. g3 Bg7 3. e4 d6 4. d4 c6 5. Bd3 Nd7 6. a4 Qa5+ 7. Bd2 Qh5 8. Be2
Ndf6 9. h3 Nxe4 10. Ng5 Qxg5 11. Bxg5 Nxg5 12. h4 Ne4 13. Bf3 Ngf6 14. g4 h6
15. Rg1 d5 16. Ra3 g5 17. h5 O-O 18. Be2 Bd7 19. f3 Nd6 20. Re3 Rae8 21. a5 Nc4
22. Rb3 Nxa5 23. Ra3 Nc4 24. Rxa7 Bc8 25. b3 Nd6 26. c4 Rd8 27. c5 Nde8 28. Bd3
Nc7 29. Nc3 Nfe8 30. Bf5 e6 31. Bd3 f5 32. Ne2 Nf6 33. Qc2 Nfe8 34. f4 Bf6 35.
gxf5 exf5 36. Bxf5 Ne6 37. Bxe6+ Bxe6 38. Qg6+ Ng7 39. fxg5 Bf5 40. Qxh6 Be7
41. g6 Bh4+ 42. Kd1 Rfe8 43. Qh7+ Kf8 44. Qh8+ Ke7 45. Qxg7+ Ke6 46. Nf4# 1-0

[Event "ICS rated standard match"]
[Site "204.178.125.65"]
[Date "2000.08.18"]
[Round "?"]
[White "chess-bomber"]
[Black "Hossa"]
[Result "0-1"]
[WhiteElo "1976"]
[BlackElo "2348"]
[PlyCount "68"]
[EventDate "2000.??.??"]

1. g3 d5 2. Bg2 e5 3. d3 Nc6 4. c3 Nf6 5. Nd2 Bd7 6. h3 Be7 7. Qc2 O-O 8. Ngf3
Bf5 9. e4 dxe4 10. dxe4 Be6 11. O-O Qc8 12. Kh2 Qd7 13. b4 a6 14. a3 Rad8 15.
Bb2 Ne8 16. Rfe1 Nd6 17. Bf1 f5 18. c4 fxe4 19. Nxe5 Nxe5 20. Bxe5 Rxf2+ 21.
Kg1 Rf7 22. Nxe4 Bxh3 23. Bd3 Bf5 24. c5 Nb5 25. Bc4 Be6 26. Rad1 Qc8 27. a4
Rxd1 28. Rxd1 Na3 29. Bxe6 Qxe6 30. Qc3 Nc4 31. Bxc7 Qxe4 32. Rd4 Qb1+ 33. Kg2
Qf1+ 34. Kh2 Rf2# 0-1

[Event "ICS rated standard match"]
[Site "204.178.125.65"]
[Date "2000.08.18"]
[Round "?"]
[White "Hossa"]
[Black "chess-bomber"]
[Result "1-0"]
[WhiteElo "2351"]
[BlackElo "1973"]
[PlyCount "79"]
[EventDate "2000.??.??"]

1. Nf3 g6 2. g3 Bg7 3. e4 d6 4. d4 c6 5. Bd3 Nd7 6. a4 Qc7 7. O-O Ngf6 8. b4
O-O 9. Bb2 e5 10. Nbd2 Re8 11. b5 exd4 12. bxc6 bxc6 13. Bxd4 Ne5 14. Nxe5 dxe5
15. Bc5 Bh3 16. Re1 Nd7 17. Ba3 Qa5 18. Nb3 Qc3 19. g4 Nf6 20. g5 Nh5 21. Re3
Nf4 22. Ba6 Qxe3 23. fxe3 Ne6 24. Bb7 Rad8 25. Qe2 Nxg5 26. Bxc6 Re6 27. Rd1
Rxd1+ 28. Qxd1 h5 29. Bd7 Nxe4 30. Qd5 Nf6 31. Qa8+ Kh7 32. Bxe6 Bxe6 33. Qxa7
Bh6 34. Na5 Nd5 35. Nc4 Bg7 36. a5 g5 37. Qb8 f6 38. Qe8 Bg8 39. Qxh5+ Bh6 40.
Bf8 1-0

[Event "ICS rated standard match"]
[Site "204.178.125.65"]
[Date "2000.08.18"]
[Round "?"]
[White "chess-bomber"]
[Black "Hossa"]
[Result "0-1"]
[WhiteElo "1970"]
[BlackElo "2354"]
[PlyCount "52"]
[EventDate "2000.??.??"]

1. g3 d5 2. Bg2 e5 3. d3 Nc6 4. Nd2 Nf6 5. c3 Bd6 6. Qc2 O-O 7. h3 Qe7 8. e4
Be6 9. Ngf3 dxe4 10. dxe4 Rad8 11. b4 Nd7 12. O-O f5 13. a3 a5 14. Bb2 fxe4 15.
Nxe4 Bc4 16. Rfe1 Qf7 17. Nfd2 Bd5 18. b5 Ne7 19. c4 Be6 20. Re2 Bf5 21. Qb3
Nc5 22. Nxc5 Bxc5 23. Ne4 Bxe4 24. Bxe4 Qxf2+ 25. Rxf2 Rxf2 26. Kh1 Rdd2 0-1

[Event "ICS rated standard match"]
[Site "204.178.125.65"]
[Date "2000.08.18"]
[Round "?"]
[White "Hossa"]
[Black "chess-bomber"]
[Result "1-0"]
[WhiteElo "2357"]
[BlackElo "1967"]
[PlyCount "38"]
[EventDate "2000.??.??"]

1. Nf3 g6 2. g3 Bg7 3. e4 d6 4. d4 c6 5. Bd3 Qc7 6. Bf4 e5 7. dxe5 dxe5 8. Be3
Nf6 9. Nbd2 O-O 10. Qe2 h6 11. h3 Be6 12. g4 Kh7 13. g5 Nh5 14. O-O-O b5 15.
Kb1 Nf4 16. Bxf4 exf4 17. gxh6 Bxh6 18. h4 Bg4 19. Ng5+ Kg7 1-0

[Event "ICS rated standard match"]
[Site "204.178.125.65"]
[Date "2000.08.18"]
[Round "?"]
[White "Hossa"]
[Black "Lecherous"]
[Result "1/2-1/2"]
[WhiteElo "2360"]
[BlackElo "2237"]
[PlyCount "49"]
[EventDate "2000.??.??"]

1. Nf3 Nf6 2. b3 d5 3. Bb2 c6 4. e3 Bf5 5. Be2 Nbd7 6. Nh4 Bg6 7. Nxg6 hxg6 8.
c4 e6 9. cxd5 exd5 10. d3 Bd6 11. h3 Qe7 12. Kd2 O-O-O 13. Kc2 Kb8 14. a3 Rc8
15. Nd2 c5 16. Nf3 Nb6 17. Qf1 Rhd8 18. Rg1 Rd7 19. h4 Rdc7 20. Ng5 Be5 21.
Bxe5 Qxe5 22. Nf3 Qe7 23. Ng5 Qe5 24. Nf3 Qe7 25. Ng5 1/2-1/2

[Event "ICS rated standard match"]
[Site "204.178.125.65"]
[Date "2000.08.18"]
[Round "?"]
[White "Hossa"]
[Black "jalal"]
[Result "1-0"]
[WhiteElo "2357"]
[BlackElo "1940"]
[PlyCount "51"]
[EventDate "2000.??.??"]

1. e4 e6 2. d4 d5 3. Nc3 dxe4 4. Nxe4 Bd7 5. Nf3 Bc6 6. Bd3 Nd7 7. O-O Ngf6 8.
Ng3 Bxf3 9. Qxf3 c6 10. c4 Be7 11. Bd2 O-O 12. Rfd1 Re8 13. Bf4 Qb6 14. Rab1 a5
15. Ne2 c5 16. dxc5 Bxc5 17. Bc2 Rac8 18. Ba4 Red8 19. Bb5 h6 20. Bg3 Bf8 21.
Bh4 g5 22. Bg3 Bg7 23. Rd6 Qa7 24. Rbd1 b6 25. Be5 Qb8 26. Rxd7 {jalal resigns}
1-0

[Event "ICS rated standard match"]
[Site "204.178.125.65"]
[Date "2000.08.18"]
[Round "?"]
[White "jalal"]
[Black "Hossa"]
[Result "0-1"]
[WhiteElo "1937"]
[BlackElo "2360"]
[PlyCount "30"]
[EventDate "2000.??.??"]

1. e4 e5 2. Nf3 Nc6 3. Bc4 Nf6 4. d3 Bc5 5. c3 d6 6. b4 Bb6 7. a4 a5 8. b5 Ne7
9. h3 O-O 10. O-O Ng6 11. Re1 Be6 12. Bg5 Bxc4 13. dxc4 h6 14. Bxf6 Qxf6 15. g3
Qe6 {jalal resigns} 0-1

[Event "ICS rated standard match"]
[Site "204.178.125.65"]
[Date "2000.08.18"]
[Round "?"]
[White "Hossa"]
[Black "MaxDev"]
[Result "1-0"]
[WhiteElo "2363"]
[BlackElo "2332"]
[PlyCount "85"]
[EventDate "2000.??.??"]

1. d4 d5 2. c4 c6 3. Nf3 Nf6 4. Nbd2 Bf5 5. Qb3 Qc8 6. e3 e6 7. Nh4 Bg6 8. Nxg6
hxg6 9. Nf3 Bd6 10. c5 Bc7 11. Be2 Nbd7 12. Bd2 e5 13. dxe5 Nxe5 14. Ng5 Rb8
15. f4 Neg4 16. h3 Nh6 17. O-O-O Nf5 18. Be1 O-O 19. g4 Ne7 20. Bc3 b6 21. Qa3
Re8 22. Bd4 Ne4 23. Ba6 Qd7 24. Nxe4 dxe4 25. Bxg7 Nd5 26. Bd4 bxc5 27. Bxc5
Bb6 28. Rd2 Qd8 29. Bc4 Qh4 30. f5 g5 31. Bxb6 Rxb6 32. Qxa7 Reb8 33. Bxd5 cxd5
34. Qc7 Qh6 35. Rc2 Qf6 36. Rhh2 d4 37. exd4 Qxd4 38. Rhd2 Qg1+ 39. Rd1 Qe3+
40. Kb1 Kg7 41. Ka1 R8b7 42. Qe5+ Kh7 43. Rc8 {MaxDev resigns} 1-0

[Event "ICS rated standard match"]
[Site "204.178.125.65"]
[Date "2000.08.18"]
[Round "?"]
[White "MM3Quick"]
[Black "Hossa"]
[Result "1-0"]
[WhiteElo "2255"]
[BlackElo "2366"]
[PlyCount "139"]
[EventDate "2000.??.??"]

1. e4 e5 2. Nf3 Nc6 3. d3 Nf6 4. c3 Be7 5. Be2 d5 6. Qc2 O-O 7. O-O a6 8. Bg5
Be6 9. Nbd2 Qd7 10. Rfe1 h6 11. Bh4 d4 12. c4 b6 13. a3 a5 14. b3 Rfe8 15. Bg3
Bd6 16. Rf1 Bg4 17. Qd1 Bc5 18. Ne1 Bxe2 19. Qxe2 Qg4 20. Qxg4 Nxg4 21. h3 Nf6
22. f4 Nh5 23. Bh2 exf4 24. Bxf4 Nxf4 25. Rxf4 f6 26. Rf2 Bd6 27. Nef3 a4 28.
b4 Bg3 29. Re2 Bf4 30. Nf1 Ne5 31. Nxe5 Bxe5 32. g4 Kf7 33. Kg2 h5 34. Nd2 hxg4
35. hxg4 Rh8 36. Nf3 Bf4 37. Rh1 Rxh1 38. Kxh1 Bc1 39. Ra2 Rh8+ 40. Kg2 Be3 41.
Rc2 c6 42. Rb2 Bc1 43. Ra2 c5 44. Ra1 Bb2 45. Ra2 Bc3 46. b5 g6 47. g5 fxg5 48.
Nxg5+ Ke7 49. Re2 Rh5 50. Nh3 g5 51. e5 Rh8 52. Kg3 Rh5 53. Nf2 Rh4 54. Ne4 Rh1
55. Kg4 Ba5 56. e6 Ra1 57. Nd6 Rg1+ 58. Kf5 Rf1+ 59. Ke5 Be1 60. Nf5+ Rxf5+ 61.
Kxf5 Bh4 62. Rh2 Kd6 63. Kf6 Kc7 64. e7 Kd7 65. Kf7 Kc8 66. e8=Q+ Kb7 67. Re2
Bg3 68. Re7+ Bc7 69. Qd8 g4 70. Rxc7# {Hossa checkmated} 1-0

[Event "ICS rated standard match"]
[Site "204.178.125.65"]
[Date "2000.08.18"]
[Round "?"]
[White "Hossa"]
[Black "AlexTheGreat"]
[Result "1-0"]
[WhiteElo "2345"]
[BlackElo "1958"]
[PlyCount "53"]
[EventDate "2000.??.??"]

1. e4 e5 2. Nf3 Nc6 3. d3 Nf6 4. c3 g6 5. d4 exd4 6. e5 Nh5 7. cxd4 Bg7 8. g4
d6 9. gxh5 dxe5 10. hxg6 hxg6 11. dxe5 Qxd1+ 12. Kxd1 Bg4 13. Be2 O-O-O+ 14.
Nbd2 Rh3 15. Ng5 Bxe2+ 16. Kxe2 Rh5 17. Ndf3 Nd4+ 18. Nxd4 Rxd4 19. Nxf7 Rf5
20. Be3 Re4 21. Kd3 Rb4 22. e6 Rd5+ 23. Ke2 Rxb2+ 24. Kf3 Rb4 25. Rac1 Rf5+ 26.
Kg2 Rg4+ 27. Kh3 1-0

[Event "ICS rated standard match"]
[Site "204.178.125.65"]
[Date "2000.08.18"]
[Round "?"]
[White "Bootemout"]
[Black "Hossa"]
[Result "1-0"]
[WhiteElo "2053"]
[BlackElo "2348"]
[PlyCount "133"]
[EventDate "2000.??.??"]

1. d4 d5 2. f4 e6 3. Nf3 c5 4. e3 Nf6 5. c3 Be7 6. Bd3 O-O 7. Nbd2 Nc6 8. O-O
Qc7 9. Ne5 cxd4 10. exd4 Bd6 11. g4 a5 12. g5 Ne8 13. Ndf3 g6 14. Bd2 a4 15.
Qe2 Ne7 16. Nh4 a3 17. b3 Ng7 18. Ng4 Kh8 19. Nf6 Ne8 20. Qg4 e5 21. Qg3 e4 22.
Be2 Be6 23. Rac1 Nxf6 24. gxf6 Nc6 25. Qg5 Rfe8 26. Be3 Rg8 27. Kh1 Bf8 28. Ng2
Rc8 29. Bg4 h6 30. Qh4 Bxg4 31. Qxg4 Qd8 32. Qh4 Qd6 33. Rg1 Re8 34. Rcf1 Nb8
35. f5 g5 36. Qh5 Qxf6 37. h4 gxh4 38. Nxh4 Rc8 39. Rxg8+ Kxg8 40. Rg1+ Kh8 41.
Bg5 Qg7 42. Bf4 Qxg1+ 43. Kxg1 Kg8 44. Qg4+ Kh7 45. Bxb8 Rxb8 46. f6 e3 47.
Qf5+ Kg8 48. Kf1 Rd8 49. Nf3 Rd6 50. Ne5 Re6 51. Ke2 b5 52. Kxe3 b4 53. cxb4
Rd6 54. b5 Re6 55. Kd3 Rd6 56. Kc2 Re6 57. b4 Rd6 58. Kb3 Re6 59. Ka4 Rd6 60.
Ka5 Re6 61. b6 Bg7 62. fxg7 Re7 63. Qf6 Rxe5 64. dxe5 h5 65. Qh6 f6 66. e6 h4
67. Qh8# {Hossa checkmated} 1-0

[Event "ICS rated standard match"]
[Site "204.178.125.65"]
[Date "2000.08.18"]
[Round "?"]
[White "Hossa"]
[Black "SaltofLife"]
[Result "1-0"]
[WhiteElo "2321"]
[BlackElo "1968"]
[PlyCount "27"]
[EventDate "2000.??.??"]

1. e4 e5 2. Nf3 Nc6 3. d3 Nf6 4. c3 d5 5. Nbd2 Bc5 6. exd5 Qxd5 7. Be2 O-O 8.
O-O Bf5 9. b4 Be7 10. Nc4 Bg6 11. Ne3 Qd6 12. b5 Nd8 13. Nc4 Qc5 14. Ba3 {
SaltofLife resigns} 1-0

[Event "ICS rated standard match"]
[Site "204.178.125.65"]
[Date "2000.08.18"]
[Round "?"]
[White "BrazilianMaster"]
[Black "Hossa"]
[Result "0-1"]
[WhiteElo "2566"]
[BlackElo "2325"]
[PlyCount "138"]
[EventDate "2000.??.??"]

1. d4 Nf6 2. Nf3 e6 3. c4 Bb4+ 4. Bd2 Be7 5. Nc3 d5 6. Bg5 h6 7. Bh4 g5 8. Bg3
Ne4 9. e3 Nxg3 10. hxg3 c6 11. g4 Nd7 12. Rc1 Nb6 13. c5 Nd7 14. b4 Nf6 15.
Nxg5 Rg8 16. Nf3 Nxg4 17. Qa4 Bd7 18. g3 b5 19. Qb3 a5 20. Bh3 h5 21. bxa5 Qxa5
22. Bg2 b4 23. Ne2 Rh8 24. Rc2 e5 25. Nxe5 Nxe5 26. dxe5 Bxc5 27. Nf4 Bf5 28.
Rc1 h4 29. gxh4 Rh6 30. Ne2 Be7 31. Nd4 Bd7 32. Rg1 Bxh4 33. Bf3 Rh8 34. Rc2
Qb6 35. Rb2 Ra5 36. Nc2 Be7 37. a3 Bf5 38. Nxb4 Bxb4+ 39. axb4 Ra1+ 40. Bd1 Qa6
41. Rd2 Bg4 42. Qd3 Qxd3 43. Rxd3 Bf3 44. Kd2 Kd7 45. e4 Ra2+ 46. Ke3 Bxe4 47.
Bg4+ Kc7 48. Rc3 Rd8 49. Rd1 Rb2 50. Rd4 Kb7 51. f3 Bg6 52. Rc1 Kc7 53. Ra1 Re8
54. f4 f6 55. Rc1 fxe5 56. Rxd5 Rxb4 57. Bd7 exf4+ 58. Kf2 Rb2+ 59. Kf3 Be4+
60. Kxf4 Rf2+ 61. Ke3 Rf3+ 62. Ke2 Rb8 63. Rxc6+ Kd8 64. Rd2 Rd3 65. Rxd3 Bxd3+
66. Kxd3 Kxd7 67. Rg6 Ke7 68. Rg7+ Kf6 69. Rg3 Rb3+ 0-1

[Event "ICS rated standard match"]
[Site "204.178.125.65"]
[Date "2000.08.19"]
[Round "?"]
[White "Hossa"]
[Black "BrazilianMaster"]
[Result "0-1"]
[WhiteElo "2351"]
[BlackElo "2540"]
[PlyCount "98"]
[EventDate "2000.??.??"]

1. d4 d5 2. f4 Nf6 3. e3 Bf5 4. Bd3 e6 5. Bxf5 exf5 6. Nf3 Nc6 7. O-O Bd6 8.
Qd3 Qc8 9. Bd2 Qe6 10. Qb5 O-O-O 11. c4 a6 12. Qa4 Rhe8 13. Ng5 Qd7 14. Nc3
dxc4 15. Qxc4 Na5 16. Qd3 Bb4 17. a3 Bxc3 18. Qxc3 Nc6 19. b4 h6 20. Nh3 Ne4
21. Qb2 Qe6 22. Rae1 g5 23. Bc1 Qd5 24. Qc2 g4 25. Nf2 g3 26. Nxe4 gxh2+ 27.
Kxh2 fxe4 28. Kg1 f5 29. Bb2 Rg8 30. Re2 h5 31. Rc1 h4 32. Kf1 Rg3 33. Qc5 Qf7
34. Qc4 Qg6 35. Rf2 h3 36. gxh3 Rxh3 37. Ke2 Qg3 38. Rcf1 Qxe3+ 39. Kd1 Nxd4
40. Rd2 b5 41. Qxd4 Rxd4 42. Bxd4 Qb3+ 43. Ke1 e3 44. Rd1 Qc2 45. Bf6 Rh2 46.
Rd8+ Kb7 47. Rb8+ Kxb8 48. Rf2 exf2+ 49. Kf1 Qd3# {Hossa checkmated} 0-1

[Event "ICS rated standard match"]
[Site "204.178.125.65"]
[Date "2000.08.19"]
[Round "?"]
[White "mawred"]
[Black "Hossa"]
[Result "0-1"]
[WhiteElo "2087"]
[BlackElo "2343"]
[PlyCount "44"]
[EventDate "2000.??.??"]

1. e4 c5 2. f4 e5 3. Bc4 exf4 4. d3 Qh4+ 5. Kf1 Nc6 6. Nc3 g5 7. Nd5 Bd6 8. Nf3
Qh6 9. Bd2 f6 10. Qe1 Ne5 11. Nxe5 fxe5 12. Kg1 Ne7 13. Bc3 Nxd5 14. exd5 O-O
15. Qe4 Qh5 16. Re1 f3 17. gxf3 Rf4 18. Qe2 Rxf3 19. Bxe5 Bxe5 20. d6+ Kf8 21.
Rf1 Qg4+ 22. Qg2 Bd4+ {mawred resigns} 0-1

[Event "ICS rated standard match"]
[Site "204.178.125.65"]
[Date "2000.08.19"]
[Round "?"]
[White "Hossa"]
[Black "mawred"]
[Result "1-0"]
[WhiteElo "2347"]
[BlackElo "2080"]
[PlyCount "61"]
[EventDate "2000.??.??"]

1. e4 e5 2. Nf3 Nc6 3. d3 Bc5 4. Nxe5 Bxf2+ 5. Kxf2 Nxe5 6. Nc3 d6 7. Be2 Qf6+
8. Ke1 Ne7 9. Nb5 Kd8 10. h4 h6 11. d4 N5c6 12. c3 a6 13. Na3 Qg6 14. Bf3 Qg3+
15. Kf1 Re8 16. h5 Ng8 17. Be3 Nf6 18. Bf2 Qf4 19. Rh4 Qg5 20. Qe1 Ng4 21. Rxg4
Bxg4 22. Bh4 f5 23. Bxg5+ hxg5 24. Bxg4 Rxe4 25. Be2 Kd7 26. Qg3 g4 27. Bd3 d5
28. Bxe4 dxe4 29. Nc4 Re8 30. d5 Ne7 31. d6 {mawred resigns} 1-0

[Event "ICS rated standard match"]
[Site "204.178.125.65"]
[Date "2000.08.19"]
[Round "?"]
[White "mawred"]
[Black "Hossa"]
[Result "0-1"]
[WhiteElo "2075"]
[BlackElo "2351"]
[PlyCount "48"]
[EventDate "2000.??.??"]

1. e4 c5 2. f4 e5 3. d3 exf4 4. Bxf4 Ne7 5. Nf3 d5 6. Nc3 d4 7. Ne2 Ng6 8. Bg3
Nc6 9. Qd2 Be6 10. Nf4 Nxf4 11. Bxf4 Bd6 12. Be2 Bxf4 13. Qxf4 O-O 14. O-O Nb4
15. Bd1 Nxa2 16. Ng5 Nb4 17. Nxe6 fxe6 18. Qe5 Rxf1+ 19. Kxf1 Qe7 20. Bg4 Re8
21. Rxa7 Qf8+ 22. Kg1 Nc6 23. Bxe6+ Kh8 24. Qh5 g6 {mawred resigns} 0-1

[Event "ICS rated standard match"]
[Site "204.178.125.65"]
[Date "2000.08.19"]
[Round "?"]
[White "Hossa"]
[Black "Mungo"]
[Result "1/2-1/2"]
[WhiteElo "2355"]
[BlackElo "2644"]
[PlyCount "112"]
[EventDate "2000.??.??"]

1. e4 c5 2. c3 Nf6 3. Qc2 Nc6 4. Nf3 e5 5. Bc4 a6 6. d3 b5 7. Bb3 d6 8. a4 b4
9. O-O Bg4 10. Bg5 h6 11. Bd5 Rc8 12. Bh4 Bxf3 13. gxf3 bxc3 14. Bxc6+ Rxc6 15.
Nxc3 Be7 16. Rfe1 Qd7 17. Kg2 O-O 18. Bxf6 Bxf6 19. Nd5 Bg5 20. Rg1 Rb8 21. Kh1
Rcc8 22. Rab1 Rb7 23. b3 Rcb8 24. Qc4 Qe6 25. Qxa6 Rxb3 26. Rxb3 Rxb3 27. Rg3
Rb2 28. Qa8+ Kh7 29. Qf8 g6 30. Rg2 Ra2 31. a5 Rxa5 32. Rg1 Ra7 33. Kg2 Be7 34.
Qb8 Ra2 35. Qb3 Rd2 36. Rd1 Rxd1 37. Qxd1 f5 38. Qa4 Bg5 39. Qa7+ Kg8 40. Qb8+
Kf7 41. Qb7+ Be7 42. Kg1 f4 43. h4 g5 44. h5 g4 45. Kf1 g3 46. Kg2 gxf2 47.
Kxf2 Kf8 48. Ke2 Bd8 49. Qh7 Bg5 50. Qc7 Ke8 51. Qb8+ Kf7 52. Qh8 Qe8 53. Qh7+
Kf8 54. Qh8+ Kf7 55. Qh7+ Kf8 56. Qh8+ Kf7 1/2-1/2

[Event "ICS rated standard match"]
[Site "204.178.125.65"]
[Date "2000.08.19"]
[Round "?"]
[White "Mungo"]
[Black "Hossa"]
[Result "1-0"]
[WhiteElo "2633"]
[BlackElo "2366"]
[PlyCount "149"]
[EventDate "2000.??.??"]

1. d4 d5 2. c4 e6 3. Nc3 Nf6 4. Bg5 Be7 5. e3 Nbd7 6. Nf3 O-O 7. Rc1 c6 8. Bd3
h6 9. Bh4 dxc4 10. Bxc4 Nb6 11. Bb3 Ng4 12. Bg3 Nf6 13. h3 c5 14. dxc5 Bxc5 15.
Qxd8 Rxd8 16. Bc7 Rd7 17. Be5 Bd6 18. Bd4 Rd8 19. Bxf6 gxf6 20. Ne4 Bb4+ 21.
Ke2 Be7 22. Nc5 Nd7 23. Nd3 b6 24. Rhd1 Ba6 25. Bc4 Bb7 26. Bb5 Nc5 27. Nb4 Nb3
28. Rxd8+ Rxd8 29. axb3 Bxb4 30. Rc7 Rb8 31. g4 Bc5 32. Nd4 a5 33. Nc6 Bd6 34.
Rd7 Bxc6 35. Bxc6 Be5 36. Rd2 Rc8 37. Ba4 Rc1 38. f4 Bc7 39. Rd7 Rc2+ 40. Kd3
Rc5 41. Kd4 Kg7 42. h4 f5 43. gxf5 e5+ 44. Kd3 Kf6 45. b4 axb4 46. e4 Bb8 47.
Bb3 Rc7 48. Rd8 Ba7 49. Rd6+ Kg7 50. fxe5 b5 51. f6+ Kg6 52. Rd8 Kh5 53. e6
fxe6 54. Bxe6 Kxh4 55. f7 Bc5 56. e5 Rc6 57. Bd7 Rg6 58. Rg8 Rg3+ 59. Ke4 b3
60. Bxb5 Rg4+ 61. Kd5 Bb4 62. Bc4 Rf4 63. e6 h5 64. Bxb3 Rf2 65. Rb8 Be7 66.
Kc6 Rd2 67. Re8 Bb4 68. e7 Rxb2 69. f8=Q Bxe7 70. Qf4+ Kh3 71. Be6+ Kg2 72.
Rg8+ Bg5 73. Rxg5+ Kh1 74. Qf3+ Rg2 75. Qxg2# {Hossa checkmated} 1-0

[Event "ICS rated standard match"]
[Site "204.178.125.65"]
[Date "2000.08.19"]
[Round "?"]
[White "Hossa"]
[Black "Mungo"]
[Result "0-1"]
[WhiteElo "2360"]
[BlackElo "2639"]
[PlyCount "122"]
[EventDate "2000.??.??"]

1. d4 Nf6 2. c4 e6 3. Nf3 b6 4. e3 Bb7 5. Bd3 Bb4+ 6. Nc3 c5 7. a3 Bxc3+ 8.
bxc3 O-O 9. O-O d6 10. Nd2 Qc7 11. Bb2 Nc6 12. Re1 d5 13. cxd5 exd5 14. Qc2 c4
15. Be2 Ne7 16. Rad1 Rad8 17. a4 Rfe8 18. Ba3 Bc8 19. e4 Nxe4 20. Nxe4 dxe4 21.
Qxe4 Bf5 22. Qf3 Bc2 23. Rc1 Bxa4 24. Bxc4 Qxc4 25. Bxe7 Rc8 26. d5 Bd7 27. d6
Rc6 28. Re5 f6 29. Re4 Qd5 30. Rd1 Qb3 31. Re3 a6 32. Qe2 a5 33. Qd2 a4 34. Rc1
Qc4 35. Rg3 Kh8 36. Rd3 a3 37. Rd4 Qa6 38. Rb4 Rec8 39. Rb3 Qa4 40. Rbb1 Qa5
41. Rb3 a2 42. Qb2 Rxc3 43. Rbxc3 Rxc3 44. Ra1 Qc5 45. Qd2 Rc2 46. Qe1 b5 47.
Bf8 b4 48. h4 Qd4 49. Rd1 Qxh4 50. Qf1 b3 51. Qe1 b2 52. g3 Qg4 53. Ra1 Rxf2
54. Kxf2 Qd4+ 55. Kf3 bxa1=Q 56. Qxa1 Bg4+ 57. Kg2 Qd2+ 58. Kg1 Qe3+ 59. Kg2
Bf3+ 60. Kh2 Qd2+ 61. Kh3 Qh6# {Hossa checkmated} 0-1

[Event "ICS rated blitz match"]
[Site "204.178.125.65"]
[Date "2000.08.19"]
[Round "?"]
[White "Athlon900"]
[Black "Hossa"]
[Result "1-0"]
[WhiteElo "2760"]
[BlackElo "2465"]
[PlyCount "87"]
[EventDate "2000.??.??"]

1. e4 c5 2. Nf3 d6 3. d4 cxd4 4. Qxd4 Nc6 5. Bb5 Qd7 6. Qa4 a6 7. O-O e6 8. Nc3
Rb8 9. Bxc6 bxc6 10. Rd1 Qc7 11. Qd4 e5 12. Qc4 Qb7 13. Qd3 Bg4 14. h3 Bh5 15.
Ne2 Nf6 16. Ng3 Bxf3 17. Qxf3 Rd8 18. Qd3 d5 19. Bg5 h6 20. Bxf6 gxf6 21. Rab1
Rg8 22. Qf3 Rg6 23. exd5 cxd5 24. c4 e4 25. Qe3 Be7 26. b3 Rg5 27. cxd5 f5 28.
Qd4 Bd6 29. h4 Rxg3 30. fxg3 Bxg3 31. Qh8+ Ke7 32. Qxh6 Qa7+ 33. Kh1 Ke8 34. d6
a5 35. Rbc1 Be5 36. Rd5 Bxd6 37. Rxd6 Ra8 38. Qh8+ Ke7 39. Qe5+ Kf8 40. Rh6
Qg1+ 41. Kxg1 f6 42. Rc7 Kg8 43. Qd5+ Kf8 44. Qxa8# {Hossa checkmated} 1-0